Developer's Popular Games - Statistics

General Stats
  • This quiz has been taken 19 times
  • The average score is 15 of 60
Answer Stats
Hint Answer % Correct
Nintendo Mario
100%
Mojang Minecraft
94%
Rockstar Grand Theft Auto
82%
Sega Sonic the Hedgehog
76%
Supercell Clash of Clans
71%
Pokemon
71%
Red Dead Redemption
71%
The Legend of Zelda
71%
Activison Call of Duty
65%
Valve Half-Life
65%
Far Cry
53%
Bully
47%
Donkey Kong
47%
Naughty Dog The Last of Us
47%
Hayday
41%
CAPCOM Co. Resident Evil
41%
Innersloth LLC Among us
35%
Rovio Angry Birds
35%
Brawl Stars
35%
SIE Santa Monica God of War
35%
Left 4 Dead
35%
Street Fighter
35%
Crystal Dynamic Tomb Raider
29%
Collection of Henry Stickman
24%
DOTA
24%
Sucker Punch Production Ghost of Tsushima
24%
IO Interactive A/S Hitman
24%
Mob Entertainment Poppy Playtime
24%
Bad Piggies
18%
Mediatonic Fall Guys
18%
Coffee Stain Studio Goat Simulator
12%
Radbeet Interactive Raft
12%
Terraria
12%
Ubisoft Assasin Creed
6%
Joey Drew Studio Bendy and the ink Machine
6%
Devil May Cry
6%
Fancy Escape The Backrooms
6%
Tecopark Pico Park
6%
Unknown World Subnautica
6%
Imangi Studios Temple Run
6%
Gameloft Asphalt
0%
Avengers
0%
Two Star Games Choo Choo Charles
0%
Visceral Games Dead Space
0%
Keplerians Evil Nun
0%
Scott Cawthon Five Nigths at Freddy's
0%
Graveyard Keeper
0%
Tiny Build Hello Neighbours
0%
Empyrean House Flipper
0%
Ice Scream
0%
Engine Software Little Nightmares
0%
Tripwire Interactive Maneater
0%
Moonbit Mr. Hopp Playhouse
0%
N.O.V.A Legacy
0%
SKH Apps Pacify
0%
Ebb Software Scorn
0%
BlueTwelve Studio Stray
0%
Pillow Castle Superliminal
0%
Tetris
0%
Saber Interactive World War Z
0%
No matching quizzes found
Score Distribution
Percent of People with Each Score
Percentile by Number Answered
Your Score History
You have not taken this quiz